The 30 Least Democratic Countries in the World - Statistics

General Stats
  • This quiz has been taken 1,356 times
  • The average score is 21 of 30
Answer Stats
Score Country % Correct
1.08 North Korea
96%
1.98 Iran
89%
3.00 China
87%
1.71 Saudi Arabia
86%
1.63 Syria
83%
3.12 Yemen
81%
2.48 Afghanistan
79%
2.38 Sudan
79%
1.92 Dem. Rep. of Congo
77%
2.89 Rep. of Congo
77%
3.18 Qatar
75%
1.72 Turkmenistan
75%
1.62 Chad
73%
2.58 United Arab Emirates
73%
2.32 Laos
72%
1.72 Uzbekistan
72%
2.89 Vietnam
72%
2.51 Tajikistan
70%
2.53 Bahrain
67%
2.35 Myanmar
66%
1.99 Central African Republic
64%
2.40 Eritrea
63%
2.95 Kazakhstan
60%
2.67 Zimbabwe
60%
3.04 Belarus
55%
3.15 Azerbaijan
52%
2.74 Djibouti
52%
2.79 Guinea
48%
1.83 Equatorial Guinea
43%
1.43 Guinea-Bissau
43%
No matching quizzes found
Score Distribution
Percent of People with Each Score
Percentile by Number Answered
Your Score History
You have not taken this quiz